• 首页
  • 本馆介绍
  • 公告通知
  • 最新文献
  • 馆藏检索
  • 电子资源
  • 读者导购
  • 参考咨询
  • 我的图书馆
  • 登录
  • 详细信息显示
  • 放入我的书架
  • 预约/预借图书
  • 作者相关作品
  • 分类相关作品
  • 丛书相关作品
  • 出版社相关作品

书目信息

  • 表格格式
  • 工作单格式
  • 卡片格式
题名:
页岩气藏开发基础
    
 
作者: 张烈辉 , 郭晶晶 , 唐洪明 著
分册:  
出版信息: 北京   石油工业出版社  2019.11
页数: 221页
开本: 26cm
丛书名:
单 册:
中图分类: P618.130.8
科图分类:
主题词: 油页岩--气田开发
电子资源:
ISBN: 978-7-5183-0516-2
000 01257nam0 2200265 45
001 012001002412
005 20140914094539.0
010    @a978-7-5183-0516-2@dCNY90.00
100    @a20150327d2014 em y0chiy50 ea
101 0  @achi
102    @aCN@b110000
105    @aa z 000yy
106    @ar
200 1  @a页岩气藏开发基础@Aye yan qi zang kai fa ji chu@b专著@f张烈辉,郭晶晶,唐洪明著
210    @a北京@c石油工业出版社@d2019.11
215    @a221页@c图@d26cm
300    @a国家杰出青年科学基金“油气藏渗流力学”、国家自然基金青年科学基金项目“多尺度多场耦合作用下页岩气藏体积压裂水平井非线性渗流理论研究”及教育部“复杂气田开发新理论与新方法”创新团队计划联合资助
330    @a本书以四川盆地长宁-威远地区龙马溪组页岩为主要研究对象,介绍了页岩储层微观孔喉结构特征、非常规页岩储集空间分类方法、页岩有机地球化学特征、页岩吸附能力及考虑多组分吸附的页岩气储量计算方法等,并建立了考虑多重赋存和运移机制的页岩气运移动力学模型,形成了较为完善的页岩气藏不稳定渗流理论。
606 0  @a油页岩@x气田开发
690    @aP618.130.8@v5
701  0 @a张烈辉@Azhang lie hui@f(1967.5 )@4著
701  0 @a郭晶晶@Aguo jing jing@c(石油勘探)@4著
701  0 @a唐洪明@Atang hong ming@f(1966 )@4著
801  0 @aCN@bBJSDL@c20211011
905    @b1339625-8@dP618.130.8@e161@f4
    
    页岩气藏开发基础/张烈辉,郭晶晶,唐洪明著.-北京:石油工业出版社,2019.11
    221页:图;26cm
    国家杰出青年科学基金“油气藏渗流力学”、国家自然基金青年科学基金项目“多尺度多场耦合作用下页岩气藏体积压裂水平井非线性渗流理论研究”及教育部“复杂气田开发新理论与新方法”创新团队计划联合资助
    
    ISBN 978-7-5183-0516-2:CNY90.00
    本书以四川盆地长宁-威远地区龙马溪组页岩为主要研究对象,介绍了页岩储层微观孔喉结构特征、非常规页岩储集空间分类方法、页岩有机地球化学特征、页岩吸附能力及考虑多组分吸附的页岩气储量计算方法等,并建立了考虑多重赋存和运移机制的页岩气运移动力学模型,形成了较为完善的页岩气藏不稳定渗流理论。
●
相关链接 在E读中查询图书 在五车中查询图书 在当当中查询图书 在豆瓣中查询图书


正题名:页岩气藏开发基础     索取号:P618.130.8/161         预约/预借

序号 登录号 条形码 馆藏地/架位号 状态 备注
1 1339625   213396252   第二样本阅览室/ [索取号:P618.130.8/161] 在馆    
2 1339626   213396261   第三借阅区/ [索取号:P618.130.8/161] 在馆    
3 1339627   213396270   第三借阅区/ [索取号:P618.130.8/161] 在馆    
4 1339628   213396289   第三借阅区/ [索取号:P618.130.8/161] 在馆    
唐山师范学院图书馆 欢迎您!
大连网信软件有限公司© 版权所有